00742 a2200181 4500003000500000005001700005040000900022082001500031100001800046245007900064260004000143300001700183505006900200942002400269999001900293952012400312952012400436Nust20221205101728.0 cNust a150.92,SUB aLeonard Zusne aName in the History of Psychology A Biographical SourcebookcLeonard Zusne aIslamabadbNational Book Foundation axvii,489 p.; aAll Names in the History of Psychology A Biographical Sourcebook 2ddccBKk150.92,SUB c176926d176926 00102ddc4070aMCSbMCScGENd2016-12-12o150.92,SUBpMCS34379r2016-12-08w2016-12-12yBKzAlmirah No.46, Shelf No.3 00102ddc4070aMCSbMCScGENd2016-12-12o150.92,SUBpMCS34380r2016-12-08w2016-12-12yBKzAlmirah No.73, Shelf No.1